<?xml version="1.0" encoding="UTF-8"?>
<collection xmlns="http://www.loc.gov/MARC21/slim">
 <record>
  <leader>04995cam a2200793  a4500</leader>
  <controlfield tag="001">114093869X</controlfield>
  <controlfield tag="003">DE-627</controlfield>
  <controlfield tag="005">20220419161012.0</controlfield>
  <controlfield tag="007">tu</controlfield>
  <controlfield tag="008">981207m19999999xx ||||| c    00| ||ger c</controlfield>
  <datafield tag="020" ind1=" " ind2=" ">
   <subfield code="a">3805324561</subfield>
   <subfield code="9">3-8053-2456-1</subfield>
  </datafield>
  <datafield tag="020" ind1=" " ind2=" ">
   <subfield code="a">380532460X</subfield>
   <subfield code="c">(Museumsausg.)</subfield>
   <subfield code="9">3-8053-2460-X</subfield>
  </datafield>
  <datafield tag="035" ind1=" " ind2=" ">
   <subfield code="a">(DE-627)114093869X</subfield>
  </datafield>
  <datafield tag="035" ind1=" " ind2=" ">
   <subfield code="a">(DE-576)070938695</subfield>
  </datafield>
  <datafield tag="035" ind1=" " ind2=" ">
   <subfield code="a">(DE-599)BSZ070938695</subfield>
  </datafield>
  <datafield tag="035" ind1=" " ind2=" ">
   <subfield code="a">(OCoLC)742267572</subfield>
  </datafield>
  <datafield tag="035" ind1=" " ind2=" ">
   <subfield code="a">(DE-604)8125387482</subfield>
  </datafield>
  <datafield tag="040" ind1=" " ind2=" ">
   <subfield code="a">DE-627</subfield>
   <subfield code="b">ger</subfield>
   <subfield code="c">DE-627</subfield>
   <subfield code="e">rakwb</subfield>
  </datafield>
  <datafield tag="041" ind1=" " ind2=" ">
   <subfield code="a">ger</subfield>
  </datafield>
  <datafield tag="084" ind1=" " ind2=" ">
   <subfield code="a">9,10</subfield>
   <subfield code="a">1</subfield>
   <subfield code="2">ssgn</subfield>
  </datafield>
  <datafield tag="084" ind1=" " ind2=" ">
   <subfield code="a">NF 1040</subfield>
   <subfield code="2">rvk</subfield>
   <subfield code="0">(DE-625)rvk/125184:</subfield>
  </datafield>
  <datafield tag="084" ind1=" " ind2=" ">
   <subfield code="a">LK 10220</subfield>
   <subfield code="2">rvk</subfield>
   <subfield code="0">(DE-625)rvk/97486:</subfield>
  </datafield>
  <datafield tag="084" ind1=" " ind2=" ">
   <subfield code="a">BO 4320</subfield>
   <subfield code="2">rvk</subfield>
   <subfield code="0">(DE-625)rvk/14441:</subfield>
  </datafield>
  <datafield tag="084" ind1=" " ind2=" ">
   <subfield code="a">NM 5960</subfield>
   <subfield code="2">rvk</subfield>
   <subfield code="0">(DE-625)rvk/126349:</subfield>
  </datafield>
  <datafield tag="084" ind1=" " ind2=" ">
   <subfield code="a">NM 6040</subfield>
   <subfield code="2">rvk</subfield>
   <subfield code="0">(DE-625)rvk/126351:</subfield>
  </datafield>
  <datafield tag="084" ind1=" " ind2=" ">
   <subfield code="a">LH 46930</subfield>
   <subfield code="2">rvk</subfield>
   <subfield code="0">(DE-625)rvk/93639:</subfield>
  </datafield>
  <datafield tag="084" ind1=" " ind2=" ">
   <subfield code="a">15.19</subfield>
   <subfield code="2">bkl</subfield>
  </datafield>
  <datafield tag="084" ind1=" " ind2=" ">
   <subfield code="a">15.32</subfield>
   <subfield code="2">bkl</subfield>
  </datafield>
  <datafield tag="245" ind1="1" ind2="0">
   <subfield code="a">799 - Kunst und Kultur der Karolingerzeit</subfield>
   <subfield code="b">Karl der Große und Papst Leo III. in Paderborn; Katalog der Ausstellung Paderborn, [23. Juli - 1. November] 1999</subfield>
   <subfield code="c">hrsg. von Christoph Stiegemann ...</subfield>
  </datafield>
  <datafield tag="246" ind1="3" ind2="0">
   <subfield code="a">Siebenhundertneunundneunzig</subfield>
  </datafield>
  <datafield tag="246" ind1="3" ind2="3">
   <subfield code="a">Siebenhundertneunundneunzig - Kunst und Kultur der Karolingerzeit</subfield>
  </datafield>
  <datafield tag="264" ind1=" " ind2="1">
   <subfield code="a">Mainz</subfield>
   <subfield code="b">von Zabern</subfield>
   <subfield code="c">1999-</subfield>
  </datafield>
  <datafield tag="336" ind1=" " ind2=" ">
   <subfield code="a">Text</subfield>
   <subfield code="b">txt</subfield>
   <subfield code="2">rdacontent</subfield>
  </datafield>
  <datafield tag="336" ind1=" " ind2=" ">
   <subfield code="a">unbewegtes Bild</subfield>
   <subfield code="b">sti</subfield>
   <subfield code="2">rdacontent</subfield>
  </datafield>
  <datafield tag="337" ind1=" " ind2=" ">
   <subfield code="a">ohne Hilfsmittel zu benutzen</subfield>
   <subfield code="b">n</subfield>
   <subfield code="2">rdamedia</subfield>
  </datafield>
  <datafield tag="338" ind1=" " ind2=" ">
   <subfield code="a">Band</subfield>
   <subfield code="b">nc</subfield>
   <subfield code="2">rdacarrier</subfield>
  </datafield>
  <datafield tag="650" ind1=" " ind2="4">
   <subfield code="a">Geschichte 799-800</subfield>
  </datafield>
  <datafield tag="650" ind1=" " ind2="4">
   <subfield code="a">Ausstellung</subfield>
  </datafield>
  <datafield tag="650" ind1=" " ind2="4">
   <subfield code="a">Fränkisches Reich</subfield>
  </datafield>
  <datafield tag="650" ind1=" " ind2="4">
   <subfield code="a">Karl &lt;Römisch-Deutsches Reich, Kaiser, I.&gt;</subfield>
  </datafield>
  <datafield tag="650" ind1=" " ind2="4">
   <subfield code="a">Leo &lt;Papst, III.&gt;</subfield>
  </datafield>
  <datafield tag="650" ind1=" " ind2="4">
   <subfield code="a">Kunst</subfield>
  </datafield>
  <datafield tag="650" ind1=" " ind2="4">
   <subfield code="a">Kultur</subfield>
  </datafield>
  <datafield tag="655" ind1=" " ind2="7">
   <subfield code="a">Ausstellungskatalog</subfield>
   <subfield code="y">1999</subfield>
   <subfield code="z">Paderborn</subfield>
   <subfield code="0">(DE-588)4135467-9</subfield>
   <subfield code="0">(DE-627)10566491X</subfield>
   <subfield code="0">(DE-576)209660988</subfield>
   <subfield code="2">gnd-content</subfield>
  </datafield>
  <datafield tag="689" ind1="0" ind2="0">
   <subfield code="d">g</subfield>
   <subfield code="0">(DE-588)4071332-5</subfield>
   <subfield code="0">(DE-627)106098217</subfield>
   <subfield code="0">(DE-576)209183357</subfield>
   <subfield code="a">Fränkisches Reich</subfield>
   <subfield code="2">gnd</subfield>
  </datafield>
  <datafield tag="689" ind1="0" ind2="1">
   <subfield code="d">s</subfield>
   <subfield code="0">(DE-588)4114333-4</subfield>
   <subfield code="0">(DE-627)105822957</subfield>
   <subfield code="0">(DE-576)209483733</subfield>
   <subfield code="a">Kunst</subfield>
   <subfield code="2">gnd</subfield>
  </datafield>
  <datafield tag="689" ind1="0" ind2=" ">
   <subfield code="5">(DE-627)</subfield>
  </datafield>
  <datafield tag="689" ind1="1" ind2="0">
   <subfield code="d">g</subfield>
   <subfield code="0">(DE-588)4071332-5</subfield>
   <subfield code="0">(DE-627)106098217</subfield>
   <subfield code="0">(DE-576)209183357</subfield>
   <subfield code="a">Fränkisches Reich</subfield>
   <subfield code="2">gnd</subfield>
  </datafield>
  <datafield tag="689" ind1="1" ind2="1">
   <subfield code="d">s</subfield>
   <subfield code="0">(DE-588)4125698-0</subfield>
   <subfield code="0">(DE-627)104470348</subfield>
   <subfield code="0">(DE-576)209578750</subfield>
   <subfield code="a">Kultur</subfield>
   <subfield code="2">gnd</subfield>
  </datafield>
  <datafield tag="689" ind1="1" ind2=" ">
   <subfield code="5">(DE-627)</subfield>
  </datafield>
  <datafield tag="700" ind1="1" ind2=" ">
   <subfield code="a">Stiegemann, Christoph</subfield>
   <subfield code="d">1954-</subfield>
   <subfield code="e">Hrsg.</subfield>
   <subfield code="0">(DE-588)111785936</subfield>
   <subfield code="0">(DE-627)516066935</subfield>
   <subfield code="0">(DE-576)165215011</subfield>
   <subfield code="4">edt</subfield>
  </datafield>
  <datafield tag="787" ind1="0" ind2="8">
   <subfield code="i">Rezension</subfield>
   <subfield code="a">Exner, Matthias, 1957 - 2020</subfield>
   <subfield code="t">[Rezension von: Christoph Stiegemann und Matthias Wemhoff (Hrsg.), 799 - Kunst und Kultur der Karolingerzeit, Karl der Große und Papst Leo III. in Paderborn]</subfield>
   <subfield code="d">2000</subfield>
   <subfield code="w">(DE-627)1794013431</subfield>
  </datafield>
  <datafield tag="787" ind1="0" ind2="8">
   <subfield code="i">Rezension</subfield>
   <subfield code="a">Neuheuser, Hanns Peter, 1952 - </subfield>
   <subfield code="t">[Rezension von: 799 - Kunst und Kultur der Karolingerzeit]</subfield>
   <subfield code="d">2000</subfield>
   <subfield code="w">(DE-627)1547541334</subfield>
   <subfield code="w">(DE-576)47754133X</subfield>
  </datafield>
  <datafield tag="935" ind1=" " ind2=" ">
   <subfield code="a">mteo</subfield>
  </datafield>
  <datafield tag="936" ind1="r" ind2="v">
   <subfield code="a">NF 1040</subfield>
   <subfield code="b">Führer durch Museen und Ausstellungen, Sammlungen</subfield>
   <subfield code="k">Ur- und Frühgeschichte / Prähistorische Archäologie</subfield>
   <subfield code="k">Allgemeines</subfield>
   <subfield code="k">Führer durch Museen und Ausstellungen, Sammlungen</subfield>
   <subfield code="0">(DE-627)1270930605</subfield>
   <subfield code="0">(DE-625)rvk/125184:</subfield>
   <subfield code="0">(DE-576)200930605</subfield>
  </datafield>
  <datafield tag="936" ind1="r" ind2="v">
   <subfield code="a">LK 10220</subfield>
   <subfield code="b">karolingisch</subfield>
   <subfield code="k">Kunst nach Ländern bzw. Kontinenten</subfield>
   <subfield code="k">Deutschland</subfield>
   <subfield code="k">Deutsche Kunstgeschichte einzelner Epochen</subfield>
   <subfield code="k">Deutsche Kunstgeschichte des Mittelalters</subfield>
   <subfield code="k">karolingisch</subfield>
   <subfield code="0">(DE-627)1271167050</subfield>
   <subfield code="0">(DE-625)rvk/97486:</subfield>
   <subfield code="0">(DE-576)201167050</subfield>
  </datafield>
  <datafield tag="936" ind1="r" ind2="v">
   <subfield code="a">BO 4320</subfield>
   <subfield code="b">Karolingerzeit</subfield>
   <subfield code="k">Patrologie und Kirchengeschichte</subfield>
   <subfield code="k">Kirchengeschichte nach Perioden</subfield>
   <subfield code="k">Geschichte der Kirche im Mittelalter</subfield>
   <subfield code="k">Darstellungen</subfield>
   <subfield code="k">Merowinger- und Karolingerzeit (460 - ca. 900)</subfield>
   <subfield code="k">Karolingerzeit</subfield>
   <subfield code="0">(DE-627)1270747169</subfield>
   <subfield code="0">(DE-625)rvk/14441:</subfield>
   <subfield code="0">(DE-576)200747169</subfield>
  </datafield>
  <datafield tag="936" ind1="r" ind2="v">
   <subfield code="a">NM 5960</subfield>
   <subfield code="b">Kirchengeschichte, Geistes- und Kulturgeschichte</subfield>
   <subfield code="k">Geschichte des Mittelalters</subfield>
   <subfield code="k">Abendländische Geschichte im Mittelalter nach Zeitabschnitten</subfield>
   <subfield code="k">Frühmittelalter (Fränkisches Reich 482 - 911)</subfield>
   <subfield code="k">Karolingerzeit (714 - 843)</subfield>
   <subfield code="k">Kirchengeschichte, Geistes- und Kulturgeschichte</subfield>
   <subfield code="0">(DE-627)1271294400</subfield>
   <subfield code="0">(DE-625)rvk/126349:</subfield>
   <subfield code="0">(DE-576)201294400</subfield>
  </datafield>
  <datafield tag="936" ind1="r" ind2="v">
   <subfield code="a">NM 6040</subfield>
   <subfield code="b">Karl der Große (769 - 814)</subfield>
   <subfield code="k">Geschichte des Mittelalters</subfield>
   <subfield code="k">Abendländische Geschichte im Mittelalter nach Zeitabschnitten</subfield>
   <subfield code="k">Frühmittelalter (Fränkisches Reich 482 - 911)</subfield>
   <subfield code="k">Karolingerzeit (714 - 843)</subfield>
   <subfield code="k">Karl der Große (769 - 814)</subfield>
   <subfield code="0">(DE-627)1270915436</subfield>
   <subfield code="0">(DE-625)rvk/126351:</subfield>
   <subfield code="0">(DE-576)200915436</subfield>
  </datafield>
  <datafield tag="936" ind1="r" ind2="v">
   <subfield code="a">LH 46930</subfield>
   <subfield code="b">Paderborn</subfield>
   <subfield code="k">Allgemeines. Allgemeine Kunstgeschichte</subfield>
   <subfield code="k">Ausstellungswesen, Ausstellungskataloge</subfield>
   <subfield code="k">Ausstellungskataloge</subfield>
   <subfield code="k">Orte P</subfield>
   <subfield code="k">Paderborn</subfield>
   <subfield code="0">(DE-627)1271532808</subfield>
   <subfield code="0">(DE-625)rvk/93639:</subfield>
   <subfield code="0">(DE-576)201532808</subfield>
  </datafield>
  <datafield tag="936" ind1="b" ind2="k">
   <subfield code="a">15.19</subfield>
   <subfield code="j">Vor- und Frühgeschichte</subfield>
   <subfield code="q">coli-conc RVK-&gt;BK</subfield>
   <subfield code="q">https://coli-conc.gbv.de/api/mappings/75cc445c-571d-40a5-a765-030d7671b9ad</subfield>
   <subfield code="0">(DE-627)10640329X</subfield>
  </datafield>
  <datafield tag="936" ind1="b" ind2="k">
   <subfield code="a">15.32</subfield>
   <subfield code="j">Fränkisches Reich</subfield>
   <subfield code="q">coli-conc RVK-&gt;BK</subfield>
   <subfield code="q">https://coli-conc.gbv.de/api/mappings/add7b3e8-b2fc-4696-a605-bb57963cf3c9</subfield>
   <subfield code="0">(DE-627)181569787</subfield>
  </datafield>
  <datafield tag="951" ind1=" " ind2=" ">
   <subfield code="a">MC</subfield>
  </datafield>
  <datafield tag="990" ind1=" " ind2=" ">
   <subfield code="a">Fränkisches Reich</subfield>
  </datafield>
  <datafield tag="990" ind1=" " ind2=" ">
   <subfield code="a">Kunst</subfield>
  </datafield>
  <datafield tag="990" ind1=" " ind2=" ">
   <subfield code="a">Fränkisches Reich</subfield>
  </datafield>
  <datafield tag="990" ind1=" " ind2=" ">
   <subfield code="a">Kultur</subfield>
  </datafield>
  <datafield tag="991" ind1=" " ind2=" ">
   <subfield code="a">Rezensiertes Werk</subfield>
  </datafield>
  <datafield tag="999" ind1=" " ind2=" ">
   <subfield code="a">KXP-PPN114093869X</subfield>
   <subfield code="e">4055689144</subfield>
  </datafield>
 </record>
</collection>
